Bài tập hoá lý cơ sở

Guardado en:
Detalles Bibliográficos
Autor principal: Lâm, Ngọc Thiềm
Formato: Libro
Lenguaje:Undetermined
Publicado: Hà Nội Khoa học và Kỹ thuật 2003
Materias:
Etiquetas: Agregar Etiqueta
Sin Etiquetas, Sea el primero en etiquetar este registro!
Thư viện lưu trữ: Trung tâm Học liệu Trường Đại học Cần Thơ
LEADER 00603nam a2200193Ia 4500
001 CTU_100179
008 210402s9999 xx 000 0 und d
020 |c 50000 
082 |a 541.3 
082 |b Th304 
100 |a Lâm, Ngọc Thiềm 
245 0 |a Bài tập hoá lý cơ sở 
245 0 |c Lâm Ngọc Thiềm, Trần Hiệp Hải, Nguyễn Thị Thu 
260 |a Hà Nội 
260 |b Khoa học và Kỹ thuật 
260 |c 2003 
650 |a Physicochemical,Physical chemistry 
904 |i Hiếu 
980 |a Trung tâm Học liệu Trường Đại học Cần Thơ